000 00510nam a2200181Ia 4500
999 _c29943
_d29943
003 OSt
005 20201117121648.0
008 190216s9999||||xx |||||||||||||| ||und||
020 _a9788130001531
040 _coclc
082 _a894.8123
_bPIL/H
100 _aPillai, Karoor Neelakanda
_96667
245 0 _aHari /
_cKaroor Neelakanda Pillai
260 _bPoorna Pubs,
_c2012.
_a Kozhikode:
300 _a104p
650 _aNovel
942 _cBK
_2ddc
_h894.8123
_iPIL/H
_k894.8123
_mPIL/H